Mathematics made simple / (Record no. 12527)

000 -LEADER
fixed length control field 01199cam a2200325 a 4500
001 - CONTROL NUMBER
control field 1982754
003 - CONTROL NUMBER IDENTIFIER
control field OSt
005 - DATE AND TIME OF LATEST TRANSACTION
control field 20160804160356.0
008 - FIXED-LENGTH DATA ELEMENTS--GENERAL INFORMATION
fixed length control field 891121s1991 nyua b 001 0 eng
010 ## - LIBRARY OF CONGRESS CONTROL NUMBER
LC control number 89049249
020 ## - INTERNATIONAL STANDARD BOOK NUMBER
International Standard Book Number 0385265840 :
Terms of availability $10.00 ($13.00 Canada)
035 ## - SYSTEM CONTROL NUMBER
System control number (DLC)1982754
035 ## - SYSTEM CONTROL NUMBER
System control number (DLC)89049249
040 ## - CATALOGING SOURCE
Original cataloging agency DLC
Transcribing agency DLC
Modifying agency DLC
050 00 - LIBRARY OF CONGRESS CALL NUMBER
Classification number QA39.2
Item number .S684 1991
082 00 - DEWEY DECIMAL CLASSIFICATION NUMBER
Classification number 512/.1
Edition number 20
100 1# - MAIN ENTRY--PERSONAL NAME
Personal name Sperling, Abraham Paul,
Dates associated with a name 1912-
245 10 - TITLE STATEMENT
Title Mathematics made simple /
Statement of responsibility, etc. Abraham Sperling and Monroe Stuart ; edited and prepared for publication by the Stonesong Press, Inc.
250 ## - EDITION STATEMENT
Edition statement 5th ed. /
Remainder of edition statement revised by Christine M. Peckaitis.
260 ## - PUBLICATION, DISTRIBUTION, ETC. (IMPRINT)
Place of publication, distribution, etc. New York :
Name of publisher, distributor, etc. Made Simple Books,
Date of publication, distribution, etc. 1991.
300 ## - PHYSICAL DESCRIPTION
Extent 272 p. :
Other physical details ill. ;
Dimensions 26 cm.
500 ## - GENERAL NOTE
General note Includes index.
650 #0 - SUBJECT ADDED ENTRY--TOPICAL TERM
Topical term or geographic name as entry element Mathematics.
700 1# - ADDED ENTRY--PERSONAL NAME
Personal name Stuart, Monroe.
700 1# - ADDED ENTRY--PERSONAL NAME
Personal name Peckaitis, Christine M.
856 42 - ELECTRONIC LOCATION AND ACCESS
Materials specified Publisher description
Uniform Resource Identifier <a href="http://www.loc.gov/catdir/description/random0413/89049249.html">http://www.loc.gov/catdir/description/random0413/89049249.html</a>
906 ## - LOCAL DATA ELEMENT F, LDF (RLIN)
a 7
b cbc
c orignew
d 1
e ocip
f 19
g y-gencatlg
942 ## - ADDED ENTRY ELEMENTS (KOHA)
Source of classification or shelving scheme
Koha item type Hard Covered Materials
Holdings
Withdrawn status Lost status Source of classification or shelving scheme Damaged status Not for loan Home library Current library Shelving location Date acquired Source of acquisition Total Checkouts Full call number Barcode Date last seen Price effective from Koha item type
          MACHAKOS UNIVERSITY LIBRARY MACHAKOS UNIVERSITY LIBRARY Open shelf 04/08/2016 Donation   QA 39.2.S684 1990 8766 04/06/2019 04/08/2016 Hard Covered Materials
© Machakos University Library, Along The Highway, Machakos Wote Rd, Machakos, Kenya P.O. Box 136 - 90100 Machakos - Kenya

Tel: ( +254 ) 723 805829 OR Fax : 044-20353 OR Email: library@mksu.ac.ke